00323pab a2200121 454500008004000000100001900040245005600059260000900115300001500124362001800139650001000157773003400167180718b1998 xxu||||| |||| 00| 0 eng d aShajahan, K.M. aPriority sector bank lending: some important issues c1998 ap.2749-756 a17 and 24 Oct aBanks aEconomic and Political Weekly